000 00695nam a2200289Ia 4500
005 20260324131147.0
008 008 260324s9999 xx 000 0 eng d
020 _a9781410617057
037 _aEBOOK
040 _aCRL
040 _beng
040 _cCRL
041 _2eng
041 _aeng
084 _qCRL
100 _aShana Levin; Colette Van Laar
_91184451
245 0 _aStigma and Group Inequality
245 0 _bSocial Psychological Perspectives
260 _bTaylor and Francis
260 _c2006
365 _a
365 _b230
856 _uhttp://www.taylorfrancis.com/books/9781410617057
942 _cEBOOK
999 _c1781360
_d1781360